| 000 | 00709cam a2200181 4500 | ||
|---|---|---|---|
| 001 | WS121385 | ||
| 008 | 030218n 000 0 eng u | ||
| 035 | _a(Sirsi) u121385 | ||
| 110 |
_aWelsh Local Government Association _94409 |
||
| 245 | _aWelsh Local Government Association | ||
| 520 | _aWeb site for this organisation which represents the interests of local authorities in Wales. Includes details of publications and meetings. Includes web links to all the Welsh local authorities. | ||
| 650 | _aWALES | ||
| 650 | _aORGANISATION | ||
| 650 | _aLOCAL AUTHORITIES | ||
| 690 | _aLOCAL GOVERNMENT | ||
| 856 | 4 | 0 |
_uhttps://www.wlga.gov.uk _zView the website free of charge at www.wlga.gov.uk... |
| 942 | _n0 | ||
| 999 |
_c120236 _d120236 |
||